000 00522nam a22001937a 4500
003 OSt
005 20140310183017.0
008 130212t xxu||||| |||| 00| 0 eng d
020 _a9789715849661
050 _aRD 753
_b.B66 2010
100 _aBonifacio-Mozo, Vilma.
245 _aMy ortho book :
_c Vilma Mozo-Bonifacio
_b guide in orthopedic nursing /
260 _aQuezon City :
_b C&E Publishing,
_c2010.
300 _a184 p. :
_c 26 cm.
521 _aNUR
562 _e1
942 _2lcc
_cBK
_kLOC
999 _c18320
_d18320